LIBRARY & INFORMATION CENTRE, KCAET, TAVANUR

ONLINE PUBLIC ACCESS CATALOGUE (OPAC)

Elementary electrical engineering / (Record no. 7561)

MARC details
000 -LEADER
fixed length control field 00490cam a2200193ua 4500
041 ## - LANGUAGE CODE
Language code of text/sound track or separate title eng
082 ## - DEWEY DECIMAL CLASSIFICATION NUMBER
Classification number 621.3
Item number CLA/EL
100 ## - MAIN ENTRY--AUTHOR NAME
Personal name Clayton, Albert E .
245 ## - TITLE STATEMENT
Title Elementary electrical engineering /
250 ## - EDITION STATEMENT
Edition statement 4 /
260 ## - PUBLICATION, DISTRIBUTION, ETC. (IMPRINT)
Place of publication London :
Name of publisher Longman Green and Co ,
Year of publication 1961.
300 ## - PHYSICAL DESCRIPTION
Number of Pages 490 ; .
700 1# - ADDED ENTRY--PERSONAL NAME
Personal name Sbelly, Herbert J .
942 ## - ADDED ENTRY ELEMENTS (KOHA)
Koha item type Books
Holdings
Withdrawn status Lost status Damaged status Home library Current library Date acquired Full call number Accession Number Koha item type
      KAUAET KAUAET 07/04/2012 621.3 1835 Books
free website counter